000 00701nam a2200289Ia 4500
005 20260324121714.0
008 008 260324s9999 xx 000 0 eng d
020 _a9780203807798
037 _aEBOOK
040 _aCRL
040 _beng
040 _cCRL
041 _2eng
041 _aeng
084 _qCRL
100 _aJudy Kalman; Brian V. Street
_91163550
245 0 _aLiteracy and Numeracy in Latin America
245 0 _bLocal Perspectives and Beyond
260 _bTaylor and Francis
260 _c2013
365 _a
365 _b255
856 _uhttp://www.taylorfrancis.com/books/9780203807798
942 _cEBOOK
999 _c1755826
_d1755826